[Event "4NCL/Div2/WGR3 vs. NWE2"]
[Site "West Bromwich ENG"]
[Date "2005.05.02"]
[Round "11.3"]
[White "Bellon Lopez, Juan M"]
[Black "Kennaugh, Charles W"]
[Result "1/2-1/2"]
[WhiteElo "2408"]
[BlackElo "2281"]
[PlyCount "126"]
[EventDate "2005.05.02"]
[SourceDate "2004.09.21"]

1. d4 d5 2. Nf3 c6 3. c4 e6 4. Nc3 dxc4 5. e3 b5 6. a4 Bb4 7. Bd2 a5 8. Qb1 Qb6
9. Ne4 Nf6 10. axb5 Bxd2+ 11. Nfxd2 cxb5 12. b3 Nxe4 13. Nxe4 cxb3 14. Bxb5+
Bd7 15. Qxb3 Bxb5 16. Qxb5+ Qxb5 17. Nd6+ Kd7 18. Nxb5 Nc6 19. Kd2 Rhb8 20.
Rhb1 h6 21. Nc3 Nb4 22. h4 Kd6 23. f4 f5 24. h5 Rg8 25. g4 fxg4 26. Rg1 g6 27.
Rxg4 gxh5 28. Rxg8 Rxg8 29. Rxa5 Rg2+ 30. Ne2 Nd5 31. Ra1 Ke7 32. Rh1 Nf6 33.
Kd3 Kf7 34. Rg1 Rh2 35. Ng3 h4 36. Ne4 Nd5 37. Nc3 Nf6 38. e4 Rh3+ 39. Kc4 Rf3
40. f5 exf5 41. exf5 Rxf5 42. Rh1 Rh5 43. Rh3 Ke6 44. d5+ Kf5 45. d6 Kg4 46.
Rd3 Nd7 47. Rd4+ Kf3 48. Rd3+ Kg2 49. Rd2+ Kf3 50. Rd3+ Kg4 51. Rd4+ Kg5 52.
Ne4+ Kg6 53. Nf2 h3 54. Kd3 h2 55. Nh1 Rh3+ 56. Ke2 Kf5 57. Kf2 Ke5 58. Rd2 Ke4
59. Kg2 Re3 60. Kxh2 Ke5 61. Nf2 h5 62. Nd3+ Kxd6 63. Nf4+ Kc6 1/2-1/2

[Event "4NCL/Div2/WGR3 vs. NWE2"]
[Site "West Bromwich ENG"]
[Date "2005.05.02"]
[Round "11.4"]
[White "Coates, Kenneth G"]
[Black "Grant, Jonathan"]
[Result "1-0"]
[WhiteElo "2197"]
[BlackElo "2259"]
[PlyCount "95"]
[EventDate "2005.05.02"]
[SourceDate "2004.09.21"]

1. e4 c6 2. c4 d5 3. exd5 Nf6 4. Nc3 cxd5 5. d4 e6 6. Nf3 Bb4 7. c5 O-O 8. Bd3
b6 9. cxb6 Qxb6 10. O-O Ba6 11. Na4 Qd6 12. a3 Bxd3 13. Qxd3 Ba5 14. Bd2 Bxd2
15. Nxd2 Nc6 16. Nf3 Rfc8 17. Rac1 h6 18. b4 e5 19. dxe5 Nxe5 20. Nxe5 Rxc1 21.
Rxc1 Qxe5 22. h3 Re8 23. Nc5 Nh5 24. g3 Qg5 25. Rd1 Nf4 26. Qf3 Nxh3+ 27. Kg2
Nxf2 28. Kxf2 Re5 29. Nd3 Rf5 30. Nf4 h5 31. Rxd5 h4 32. Rxf5 hxg3+ 33. Qxg3
Qxf5 34. Qf3 Qe5 35. Qe3 Qf6 36. Ke2 a5 37. Nd3 axb4 38. axb4 Qf5 39. Qe8+ Kh7
40. Qe5 Qg4+ 41. Ke3 f5 42. b5 g5 43. Qc7+ Kg8 44. b6 Qg1+ 45. Kd2 Qa1 46. b7
Qa2+ 47. Qc2 Qa5+ 48. Ke2 1-0

[Event "4NCL/Div2/WGR3 vs. NWE2"]
[Site "West Bromwich ENG"]
[Date "2005.05.02"]
[Round "11.5"]
[White "Maduekwe, Chiedu"]
[Black "Ruston, Mark R"]
[Result "1-0"]
[WhiteElo "2142"]
[BlackElo "2116"]
[PlyCount "55"]
[EventDate "2005.05.02"]
[SourceDate "2004.09.21"]

1. d4 d5 2. c4 c6 3. Nf3 Nf6 4. Nc3 dxc4 5. a4 Bf5 6. e3 e6 7. Bxc4 Nbd7 8. O-O
Bd6 9. Qe2 Ne4 10. Rd1 Qc7 11. Bd2 Ndf6 12. Be1 g5 13. Rac1 g4 14. Nb5 cxb5 15.
Bxb5+ Kd8 16. Ne5 Qb8 17. Nxf7+ Ke7 18. Nxh8 Bxh2+ 19. Kf1 Bd6 20. Bd3 Qxh8 21.
Bxe4 Bxe4 22. f3 gxf3 23. gxf3 Bd5 24. Bh4 Kd7 25. Qb5+ Bc6 26. Rxc6 bxc6 27.
Qb7+ Bc7 28. Rc1 1-0

[Event "4NCL/Div2/WGR3 vs. NWE2"]
[Site "West Bromwich ENG"]
[Date "2005.05.02"]
[Round "11.6"]
[White "Savory, Richard J"]
[Black "Gilbert, Jessie"]
[Result "1-0"]
[WhiteElo "2104"]
[BlackElo "2148"]
[PlyCount "89"]
[EventDate "2005.05.02"]
[SourceDate "2004.09.21"]

1. e4 c6 2. Nc3 d5 3. d4 dxe4 4. Nxe4 Nf6 5. Nxf6+ exf6 6. Be3 Qb6 7. Qc1 Bf5
8. Nf3 Bd6 9. Be2 Qc7 10. c4 c5 11. d5 Be4 12. Nd2 Bf5 13. h3 h5 14. Bf3 Nd7
15. Be4 g6 16. O-O Be5 17. Bxf5 gxf5 18. f4 Bd6 19. Qc2 O-O-O 20. Qxf5 Rdg8 21.
Ne4 Rg6 22. b4 Kb8 23. a3 Rhg8 24. Rf2 cxb4 25. Nxd6 Qxd6 26. axb4 Nb6 27. Bc5
Qd7 28. Qxd7 Nxd7 29. Bxa7+ Kc7 30. Bd4 Rg3 31. Kh2 Rd3 32. Bb2 Nb6 33. Bxf6
Nxc4 34. Rc2 b5 35. Be5+ Kb7 36. Rca2 Nb6 37. Ra7+ Kc8 38. Rc7+ Kd8 39. Ra6 Rg6
40. Ra2 Rdg3 41. d6 f5 42. Rb7 Nc8 43. d7 Nb6 44. Rd2 Nd5 45. Bf6+ 1-0

[Event "4NCL/Div2/WGR3 vs. NWE2"]
[Site "West Bromwich ENG"]
[Date "2005.05.02"]
[Round "11.7"]
[White "Cutmore, David A"]
[Black "Hanley, James"]
[Result "1-0"]
[WhiteElo "2092"]
[BlackElo "2067"]
[PlyCount "79"]
[EventDate "2005.05.02"]
[SourceDate "2004.09.21"]

1. d4 Nf6 2. c4 g6 3. Nc3 Bg7 4. e4 d6 5. f4 O-O 6. Nf3 c5 7. d5 e6 8. Bd3 exd5
9. cxd5 Re8 10. O-O Bg4 11. h3 Bxf3 12. Qxf3 Nbd7 13. Be3 Rc8 14. Rad1 a6 15.
a4 c4 16. Bc2 Rb8 17. Ba7 b5 18. Bxb8 Qxb8 19. axb5 axb5 20. Ne2 b4 21. Ng3 Nc5
22. Rfe1 Nfd7 23. Qf1 Nb6 24. e5 dxe5 25. f5 b3 26. Bb1 e4 27. Nxe4 Nxe4 28.
Bxe4 Bxb2 29. fxg6 hxg6 30. d6 c3 31. d7 Rd8 32. Bxg6 fxg6 33. Qf6 c2 34. Qxg6+
Bg7 35. Re8+ Rxe8 36. dxe8=Q+ Qxe8 37. Qxe8+ Kh7 38. Qh5+ Bh6 39. Qf7+ Bg7 40.
Qf5+ 1-0

[Event "4NCL/Div2/WGR3 vs. NWE2"]
[Site "West Bromwich ENG"]
[Date "2005.05.02"]
[Round "11.8"]
[White "Milligan, Helen"]
[Black "Cutmore, Martin J"]
[Result "1/2-1/2"]
[WhiteElo "2072"]
[BlackElo "2030"]
[PlyCount "70"]
[EventDate "2005.05.02"]
[SourceDate "2004.09.21"]

1. e4 c5 2. Nf3 e6 3. d4 cxd4 4. Nxd4 a6 5. Bd3 Bc5 6. Nb3 Ba7 7. Qe2 Nc6 8.
Be3 Bxe3 9. Qxe3 Nge7 10. N1d2 d6 11. O-O O-O 12. f4 f5 13. Rae1 e5 14. fxe5
Nxe5 15. exf5 Nxf5 16. Bxf5 Bxf5 17. Nd4 Qd7 18. Qb3+ Kh8 19. Nxf5 Rxf5 20.
Rxf5 Qxf5 21. Rf1 Qd7 22. Ne4 Qc6 23. Ng5 h6 24. Ne6 Re8 25. Nf4 Qe4 26. h3 b5
27. Qg3 Qxc2 28. Rf2 Qb1+ 29. Kh2 Rc8 30. Ne6 Qg6 31. Qxg6 Nxg6 32. Rd2 Rc6 33.
Nd8 Rb6 34. Nf7+ Kg8 35. Nxd6 Kf8 1/2-1/2

[Event "4NCL/Div2/HKF1 vs. BAR2"]
[Site "West Bromwich ENG"]
[Date "2005.05.02"]
[Round "11.1"]
[White "Arkell, Keith C"]
[Black "Rogers, Jonathan W"]
[Result "0-1"]
[WhiteElo "2492"]
[BlackElo "2340"]
[PlyCount "56"]
[EventDate "2005.05.02"]
[SourceDate "2004.09.21"]

1. d4 f5 2. g3 Nf6 3. Bg2 e6 4. Nf3 Be7 5. c4 O-O 6. O-O a5 7. d5 Bc5 8. Nc3
Qe7 9. Bf4 Na6 10. Na4 d6 11. Nxc5 Nxc5 12. dxe6 Bxe6 13. Rc1 Nfe4 14. Nd4 Bd7
15. Be3 g5 16. Nb5 Bc6 17. Bd4 f4 18. f3 fxg3 19. fxe4 gxh2+ 20. Kxh2 g4 21.
Rc3 Qh4+ 22. Kg1 Nxe4 23. Rd3 Rxf1+ 24. Qxf1 Rf8 25. Qc1 Rf2 26. Na7 g3 27.
Bxf2 gxf2+ 28. Kf1 Qh2 0-1

[Event "4NCL/Div2/HKF1 vs. BAR2"]
[Site "West Bromwich ENG"]
[Date "2005.05.02"]
[Round "11.2"]
[White "Cox, John J"]
[Black "Wells, Peter K"]
[Result "1-0"]
[WhiteElo "2322"]
[BlackElo "2525"]
[PlyCount "119"]
[EventDate "2005.05.02"]
[SourceDate "2004.09.21"]

1. d4 Nf6 2. c4 e6 3. Nc3 Bb4 4. f3 Nc6 5. e4 d5 6. cxd5 exd5 7. e5 Ng8 8. Bb5
Bd7 9. Bxc6 Bxc3+ 10. bxc3 Bxc6 11. Nh3 Bb5 12. Rb1 Qd7 13. Nf4 Ne7 14. Nh5
O-O-O 15. Kf2 Ba6 16. Bg5 h6 17. Bxe7 Qxe7 18. h4 Rhg8 19. Qd2 f6 20. exf6 Qf7
21. Nf4 Qxf6 22. h5 Rge8 23. Rbe1 Bc4 24. a3 Qg5 25. g3 Qf5 26. g4 Qg5 27. Kg3
b6 28. Rxe8 Rxe8 29. Re1 Qd8 30. Re5 Rxe5 31. dxe5 c5 32. e6 Qg5 33. Qe1 Kd8
34. Ng6 d4 35. e7+ Ke8 36. cxd4 cxd4 37. Qb4 Qc5 38. Qe1 d3 39. Qe4 Qg1+ 40.
Kf4 Qc1+ 41. Kf5 Ba6 42. Qa4+ b5 43. Qxa6 Qc5+ 44. Ne5 Qd5 45. Qe6 Qxe6+ 46.
Kxe6 d2 47. Nf7 d1=R 48. Nd6+ Rxd6+ 49. Kxd6 a5 50. Kc5 b4 51. axb4 axb4 52.
Kxb4 Kxe7 53. Kc5 Ke6 54. f4 Ke7 55. Kd5 Kd7 56. Ke5 Ke7 57. Kf5 Kf7 58. Ke5
Ke7 59. f5 Kf7 60. f6 1-0

[Event "4NCL/Div2/HKF1 vs. BAR2"]
[Site "West Bromwich ENG"]
[Date "2005.05.02"]
[Round "11.3"]
[White "Kiriakov, Petr"]
[Black "Coleman, David"]
[Result "1-0"]
[WhiteElo "2565"]
[BlackElo "2256"]
[PlyCount "83"]
[EventDate "2005.05.02"]
[SourceDate "2004.09.21"]

1. d4 Nf6 2. c4 g6 3. Nc3 Bg7 4. e4 d6 5. Nf3 O-O 6. Be2 e5 7. O-O Nc6 8. Be3
Re8 9. dxe5 dxe5 10. h3 Nd7 11. c5 Nf8 12. Bb5 Bd7 13. Bg5 f6 14. Be3 Qc8 15.
b4 Ne6 16. Qb3 Kh8 17. Rad1 f5 18. Bxc6 bxc6 19. Rfe1 f4 20. Bc1 g5 21. Bb2 Bf6
22. Ne2 Nd8 23. Qd3 Bxh3 24. gxh3 Qxh3 25. Nh2 Qh5 26. f3 Qg6 27. Qd7 h5 28.
Qf5 Qh6 29. Rd7 Bg7 30. Red1 Kg8 31. Rxc7 Rf8 32. Rd6 Rxf5 33. Rxh6 Rf7 34.
Rxf7 Nxf7 35. Rxh5 Rd8 36. Kf2 Rd2 37. Bc3 Rxa2 38. Ng4 Rc2 39. Rh1 Kf8 40. Ra1
Nd8 41. Ke1 Ne6 42. Kd1 1-0

[Event "4NCL/Div2/HKF1 vs. BAR2"]
[Site "West Bromwich ENG"]
[Date "2005.05.02"]
[Round "11.4"]
[White "Taylor, Martin R"]
[Black "Prie, Eric"]
[Result "1/2-1/2"]
[WhiteElo "2308"]
[BlackElo "2447"]
[PlyCount "48"]
[EventDate "2005.05.02"]
[SourceDate "2004.09.21"]

1. c4 c6 2. g3 d5 3. Bg2 Nf6 4. Nf3 Bg4 5. Ne5 Be6 6. cxd5 Bxd5 7. Nf3 c5 8.
Nc3 Bc6 9. O-O Nbd7 10. d4 e6 11. b3 cxd4 12. Qxd4 Bc5 13. Qd3 O-O 14. Bb2 Nb6
15. Rad1 Qxd3 16. Rxd3 Rfd8 17. Ne5 Bxg2 18. Kxg2 Rxd3 19. Nxd3 Be7 20. Rc1 Rc8
21. Kf3 Nfd7 22. Nb5 Rxc1 23. Bxc1 a6 24. Nc3 Nc8 1/2-1/2

[Event "4NCL/Div2/HKF1 vs. BAR2"]
[Site "West Bromwich ENG"]
[Date "2005.05.02"]
[Round "11.5"]
[White "Berzinsh, Roland"]
[Black "Berry, Neil"]
[Result "1-0"]
[WhiteElo "2457"]
[BlackElo "2257"]
[PlyCount "125"]
[EventDate "2005.05.02"]
[SourceDate "2004.09.21"]

1. e4 e6 2. d4 d5 3. Nc3 Bb4 4. e5 Ne7 5. a3 Bxc3+ 6. bxc3 c5 7. Nf3 Qc7 8. h4
b6 9. Bb5+ Bd7 10. Bd3 Ba4 11. Kf1 Nd7 12. h5 h6 13. Bf4 c4 14. Be2 f5 15. exf6
Qxf4 16. fxe7 Kxe7 17. Nh4 Nf8 18. Bf3 Re8 19. Qe2 Kd8 20. Re1 Qd6 21. Rh3 Rg8
22. Ra1 Re7 23. Qd2 Rf7 24. Kg1 Rf6 25. Bg4 Rf4 26. Be2 Rf6 27. Rf3 Nh7 28.
Rxf6 Nxf6 29. Bf3 Nh7 30. Ng6 Ng5 31. Qe2 Re8 32. Ne5 Rf8 33. Bg4 Rf6 34. f3
Kc7 35. Qd2 Kb7 36. Qc1 Kc7 37. Qb2 Kb7 38. Re1 Kc7 39. Qc1 Kb7 40. f4 Nh7 41.
Bf3 Kc7 42. Re2 Nf8 43. Rf2 Nd7 44. Bg4 Rf8 45. Ng6 Re8 46. Re2 Nf6 47. Bf3 Bd7
48. Qb2 a5 49. Qc1 b5 50. Ne5 Rb8 51. Nxd7 Kxd7 52. Re5 b4 53. cxb4 axb4 54.
axb4 Rxb4 55. f5 Qb6 56. fxe6+ Ke7 57. Qf4 c3 58. Rxd5 Rb1+ 59. Kh2 Kxe6 60.
Rc5 Qb8 61. Rc7 Rb5 62. d5+ Nxd5 63. Bg4# 1-0

[Event "4NCL/Div2/HKF1 vs. BAR2"]
[Site "West Bromwich ENG"]
[Date "2005.05.02"]
[Round "11.6"]
[White "Taylor, Peter"]
[Black "Houska, Jovanka"]
[Result "1/2-1/2"]
[WhiteElo "2237"]
[BlackElo "2334"]
[PlyCount "125"]
[EventDate "2005.05.02"]
[SourceDate "2004.09.21"]

1. c4 c6 2. e4 d5 3. exd5 cxd5 4. cxd5 Nf6 5. Bb5+ Nbd7 6. Nc3 a6 7. Qa4 Rb8 8.
Bxd7+ Qxd7 9. Qxd7+ Bxd7 10. Nge2 b5 11. a3 Bc8 12. d4 Bb7 13. Nf4 Rd8 14. Be3
g5 15. Nd3 h6 16. Nc5 Bc8 17. b4 Bg7 18. a4 O-O 19. axb5 axb5 20. h4 Nxd5 21.
Nxd5 Rxd5 22. hxg5 hxg5 23. Ra5 f5 24. f3 f4 25. Bf2 e5 26. Rxb5 exd4 27. Rb6
Bf5 28. Kd2 Ra8 29. Ra6 Rb8 30. Ra4 Rxc5 31. bxc5 Rb2+ 32. Ke1 Rb1+ 33. Kd2
Rxh1 34. Bxd4 Bxd4 35. Rxd4 Rh2 36. c6 Rxg2+ 37. Kd1 Kf7 38. c7 Ke7 39. Rd5 Bc8
40. Rd8 Bb7 41. c8=Q Bxc8 42. Rxc8 Rf2 43. Rc3 Kd6 44. Ke1 Rb2 45. Rd3+ Ke5 46.
Rd8 Ra2 47. Kf1 Ra5 48. Ke2 Rd5 49. Ra8 Rd6 50. Ra5+ Kf6 51. Rb5 Ra6 52. Kf2
Kg6 53. Rb8 Ra3 54. Rf8 Rb3 55. Ra8 Rb7 56. Re8 Rb6 57. Ra8 Kh5 58. Rh8+ Rh6
59. Rg8 Kh4 60. Kg2 Kh5 61. Kf2 Rb6 62. Rh8+ Rh6 63. Rg8 1/2-1/2

[Event "4NCL/Div2/HKF1 vs. BAR2"]
[Site "West Bromwich ENG"]
[Date "2005.05.02"]
[Round "11.7"]
[White "Greet, Andrew N"]
[Black "Hodgson, John H"]
[Result "1-0"]
[WhiteElo "2403"]
[BlackElo "2225"]
[PlyCount "89"]
[EventDate "2005.05.02"]
[SourceDate "2004.09.21"]

1. e4 c5 2. Nf3 d6 3. Bb5+ Nc6 4. d4 cxd4 5. Qxd4 Bd7 6. Bxc6 Bxc6 7. Nc3 Nf6
8. Bg5 e6 9. O-O-O Be7 10. Rhe1 O-O 11. Kb1 Qc7 12. Qd2 Rfc8 13. Nd4 Rab8 14.
Ndb5 Bxb5 15. Nxb5 Qc5 16. Bxf6 Bxf6 17. Nxd6 Rc6 18. f4 Be7 19. e5 Bxd6 20.
exd6 Rd8 21. d7 Rc7 22. Re3 Rdxd7 23. Rd3 Rxd3 24. Qxd3 g6 25. c3 Rc8 26. Qe4
Rc7 27. Rd4 Qf5 28. Qxf5 exf5 29. Kc2 Kf8 30. a4 Ke7 31. a5 h6 32. Kd3 g5 33.
g3 Rc6 34. Rd5 Ke6 35. c4 Rc7 36. b4 f6 37. Kd4 h5 38. b5 h4 39. c5 Rg7 40. a6
bxa6 41. Rd6+ Ke7 42. Rxa6 hxg3 43. Rxa7+ Kf8 44. Ra8+ Kf7 45. hxg3 1-0

[Event "4NCL/Div2/HKF1 vs. BAR2"]
[Site "West Bromwich ENG"]
[Date "2005.05.02"]
[Round "11.8"]
[White "Smith, Lucy"]
[Black "Crouch, Colin"]
[Result "0-1"]
[WhiteElo "1905"]
[BlackElo "2371"]
[PlyCount "88"]
[EventDate "2005.05.02"]
[SourceDate "2004.09.21"]

1. d4 Nf6 2. c4 e6 3. Nc3 Bb4 4. Bd2 O-O 5. Nf3 d5 6. e3 Nc6 7. a3 Bxc3 8. Bxc3
Ne4 9. Rc1 Qf6 10. Be2 Rd8 11. O-O dxc4 12. Bxc4 Nxc3 13. bxc3 b6 14. Re1 Bb7
15. Be2 e5 16. Nd2 Qe7 17. a4 Na5 18. Bf3 c5 19. Bxb7 Nxb7 20. Nf3 e4 21. Nd2
Rd6 22. Qg4 Re8 23. h3 Rg6 24. Qf4 Qe6 25. Kh1 Nd6 26. Ra1 Rf6 27. Qg3 Qf5 28.
Rf1 Rg6 29. Qh2 h6 30. Nb3 Qd5 31. Nd2 Qh5 32. f4 Qe2 33. g4 Qxe3 34. dxc5 Qxc5
35. Rac1 e3 36. Nf3 Nc4 37. Rfe1 Qc6 38. Qg2 Qxa4 39. g5 Rd6 40. Nd4 Qd7 41.
Qf3 b5 42. Nb3 Nd2 43. Nxd2 exd2 44. Rxe8+ Qxe8 0-1

[Event "4NCL/Div2/PYO vs. WRO"]
[Site "West Bromwich ENG"]
[Date "2005.05.02"]
[Round "11.1"]
[White "Rendle, Thomas E"]
[Black "Yepes, Eduardo"]
[Result "1/2-1/2"]
[WhiteElo "2396"]
[BlackElo "2283"]
[PlyCount "39"]
[EventDate "2005.05.02"]
[SourceDate "2004.09.21"]

1. e4 e6 2. d4 d5 3. e5 c5 4. c3 Nc6 5. Nf3 Bd7 6. Be2 Nge7 7. Na3 Ng6 8. Nc2
Be7 9. g3 O-O 10. h4 cxd4 11. cxd4 f6 12. h5 Nh8 13. Bf4 Qb6 14. b3 Nf7 15. O-O
fxe5 16. dxe5 Qc7 17. Rc1 Nfxe5 18. Nxe5 Nxe5 19. Ne3 Bc6 20. Bg4 1/2-1/2

[Event "4NCL/Div2/PYO vs. WRO"]
[Site "West Bromwich ENG"]
[Date "2005.05.02"]
[Round "11.2"]
[White "Gayson, Peter M"]
[Black "Martyn, Rafe"]
[Result "0-1"]
[WhiteElo "2234"]
[BlackElo "2302"]
[PlyCount "156"]
[EventDate "2005.05.02"]
[SourceDate "2004.09.21"]

1. e4 c6 2. d4 d5 3. e5 c5 4. dxc5 Nc6 5. Bb5 e6 6. Be3 Nge7 7. c3 Bd7 8. Bxc6
Bxc6 9. Nf3 Nf5 10. Bd4 Nxd4 11. Qxd4 Qa5 12. b4 Qa6 13. Nbd2 b6 14. cxb6 axb6
15. Qe3 Be7 16. Nd4 Bb5 17. f4 O-O 18. Kf2 Ra7 19. Rhc1 Rfa8 20. Rc2 Bf8 21. g4
Bd3 22. Rb2 Bc4 23. Rc2 Rc7 24. Nxc4 Rxc4 25. a4 Qc8 26. Qd3 Qd7 27. Rca2 Qc7
28. Ra3 g5 29. f5 Qxe5 30. Qg3 Qf6 31. Re1 Bxb4 32. cxb4 Qxd4+ 33. Rae3 Rxb4
34. fxe6 fxe6 35. Kg2 Qxg4 36. Rxe6 Rb2+ 37. Kh1 Qxg3 38. hxg3 Rxa4 39. R6e5 h6
40. Rxd5 Kg7 41. Rd6 Ra7 42. Rc1 Rf7 43. Kg1 Rf6 44. Rcc6 Rxd6 45. Rxd6 h5 46.
Kf1 g4 47. Rd5 Kg6 48. Re5 b5 49. Rd5 b4 50. Rb5 Rb3 51. Kg2 Kf6 52. Rxh5 Re3
53. Rb5 Re4 54. Rd5 Ke6 55. Rd8 Ke7 56. Rd5 Kf6 57. Rd8 Ke6 58. Kf2 Ke5 59. Rd7
Rd4 60. Re7+ Kd6 61. Re8 Kd7 62. Re5 Kc6 63. Ke3 Rd5 64. Re4 b3 65. Rc4+ Rc5
66. Rb4 Rb5 67. Rc4+ Kb6 68. Rc1 b2 69. Rb1 Ka5 70. Kf4 Rb4+ 71. Kf5 Ka4 72.
Rxb2 Rxb2 73. Kxg4 Kb5 74. Kf5 Kc6 75. g4 Kd7 76. Kg6 Ke7 77. g5 Kf8 78. Kh7
Rh2+ 0-1

[Event "4NCL/Div2/PYO vs. WRO"]
[Site "West Bromwich ENG"]
[Date "2005.05.02"]
[Round "11.3"]
[White "Dorrington, Christopher"]
[Black "Burnett, Jim"]
[Result "1/2-1/2"]
[WhiteElo "2194"]
[BlackElo "2194"]
[PlyCount "41"]
[EventDate "2005.05.02"]
[SourceDate "2004.09.21"]

1. e4 d5 2. exd5 Qxd5 3. Nc3 Qa5 4. Nf3 Nf6 5. Be2 c6 6. O-O Bg4 7. h3 Bh5 8.
d4 Nbd7 9. Re1 e6 10. Ne5 Bxe2 11. Qxe2 Bb4 12. Bd2 O-O 13. a3 Bxc3 14. Bxc3
Qc7 15. Rad1 Rad8 16. Bb4 Rfe8 17. Rd3 Nd5 18. Bd2 Nxe5 19. dxe5 Ne7 20. Rxd8
Rxd8 21. Bg5 1/2-1/2

[Event "4NCL/Div2/PYO vs. WRO"]
[Site "West Bromwich ENG"]
[Date "2005.05.02"]
[Round "11.4"]
[White "Corke, Anya"]
[Black "Player, Edmund C"]
[Result "1-0"]
[WhiteElo "2138"]
[BlackElo "2143"]
[PlyCount "61"]
[EventDate "2005.05.02"]
[SourceDate "2004.09.21"]

1. d4 d5 2. c4 dxc4 3. e3 Nf6 4. Bxc4 e6 5. Nf3 c5 6. O-O a6 7. Bb3 Nc6 8. Nc3
Be7 9. Qe2 O-O 10. Rd1 Qc7 11. d5 exd5 12. Bxd5 b5 13. e4 Bg4 14. Be3 Rac8 15.
h3 Bh5 16. Bxc6 Qxc6 17. Nd5 Nxd5 18. Rxd5 Bxf3 19. Qxf3 Qe6 20. Rad1 c4 21.
Bd4 f6 22. a3 Rfe8 23. Bc3 Bc5 24. Rd7 Re7 25. R7d5 h6 26. Qh5 Qb6 27. Qf5 Ree8
28. Rd7 Qe6 29. Qg6 Bf8 30. Bb4 Qxe4 31. Qf7+ 1-0

[Event "4NCL/Div2/PYO vs. WRO"]
[Site "West Bromwich ENG"]
[Date "2005.05.02"]
[Round "11.5"]
[White "Bennet, William D"]
[Black "Adams, David M"]
[Result "1/2-1/2"]
[WhiteElo "2116"]
[BlackElo "2207"]
[PlyCount "52"]
[EventDate "2005.05.02"]
[SourceDate "2004.09.21"]

1. d4 e6 2. c4 f5 3. Nf3 Nf6 4. g3 Be7 5. Bg2 O-O 6. Nc3 d6 7. Qb3 a5 8. O-O
Ne4 9. Nxe4 fxe4 10. Nd2 d5 11. f3 dxc4 12. Nxc4 b5 13. Ne3 Nc6 14. Qc2 Nxd4
15. Qxe4 Rb8 16. Rd1 Bc5 17. Kh1 Qf6 18. Ng4 Qf5 19. Rxd4 Bb7 20. Qxf5 exf5 21.
Rf4 Rbe8 22. e4 fxg4 23. Rxg4 Bd4 24. Rf4 b4 25. Rxf8+ Kxf8 26. Rb1 Ba6 1/2-1/2

[Event "4NCL/Div2/PYO vs. WRO"]
[Site "West Bromwich ENG"]
[Date "2005.05.02"]
[Round "11.6"]
[White "Cumbers, Paul"]
[Black "Poobalasingam, Peter S"]
[Result "1-0"]
[WhiteElo "2118"]
[BlackElo "2031"]
[PlyCount "97"]
[EventDate "2005.05.02"]
[SourceDate "2004.09.21"]

1. e4 e6 2. d4 d5 3. e5 c5 4. c3 Nc6 5. Nf3 Qb6 6. a3 Bd7 7. b4 cxd4 8. cxd4
Rc8 9. Bb2 Na5 10. Nbd2 Nc4 11. Bxc4 dxc4 12. Bc3 Ne7 13. O-O Nd5 14. Qc2 Be7
15. Ne4 Bc6 16. Rfe1 Qc7 17. Rab1 b5 18. Nc5 Qb8 19. Nd2 Qa8 20. f3 O-O 21.
Nde4 Nf4 22. Bd2 Ng6 23. Bg5 Bxc5 24. bxc5 h6 25. Bd2 Bxe4 26. fxe4 a6 27. Rf1
Rfd8 28. Be3 Rd7 29. Rf3 Rb8 30. Bf2 a5 31. Re1 Qa6 32. h4 b4 33. h5 Ne7 34.
Rg3 Nc6 35. Qd2 Kh7 36. d5 Nxe5 37. Bd4 f6 38. Bxe5 fxe5 39. Qe3 b3 40. c6 Rf7
41. Qc5 Qb6 42. Qxb6 Rxb6 43. Rc3 exd5 44. exd5 Rb8 45. Rxc4 Rd8 46. c7 Rc8 47.
d6 Rd7 48. Rc6 Kg8 49. Rb6 1-0

[Event "4NCL/Div2/PYO vs. WRO"]
[Site "West Bromwich ENG"]
[Date "2005.05.02"]
[Round "11.7"]
[White "Wells, Daniel"]
[Black "Barrett, Steve J"]
[Result "0-1"]
[WhiteElo "1980"]
[BlackElo "2181"]
[PlyCount "69"]
[EventDate "2005.05.02"]
[SourceDate "2004.09.21"]

1. e4 c5 2. Nf3 e6 3. d4 cxd4 4. Nxd4 Nf6 5. Bd3 d6 6. c4 b6 7. Nc3 a6 8. O-O
Nbd7 9. Bg5 Bb7 10. f4 Be7 11. Qe2 Qc7 12. Kh1 Qc5 13. Nb3 Qc7 14. Rae1 h6 15.
Bh4 Nxe4 16. Bxe7 Nxc3 17. Bxd6 Qxd6 18. bxc3 O-O 19. Nd4 Rad8 20. Bb1 Rfe8 21.
Qd3 Nf8 22. Qg3 Kh8 23. Rd1 Qc7 24. Bd3 Nh7 25. Rfe1 Nf6 26. Re5 g6 27. Qh4 Kg7
28. Rde1 Bc8 29. h3 b5 30. Qg3 bxc4 31. Nxe6+ Bxe6 32. Bxg6 fxg6 33. f5 Bxf5
34. Rxe8 Nxe8 35. Qxc7+ {time} 0-1

[Event "4NCL/Div2/PYO vs. WRO"]
[Site "West Bromwich ENG"]
[Date "2005.05.02"]
[Round "11.8"]
[White "Shaw, Peter"]
[Black "Thilaganathan, Jessica"]
[Result "1-0"]
[WhiteElo "2125"]
[BlackElo "1745"]
[PlyCount "89"]
[EventDate "2005.05.02"]
[SourceDate "2004.09.21"]

1. d4 d5 2. c4 c6 3. Nf3 Nf6 4. e3 e6 5. Nbd2 Nbd7 6. Bd3 Bd6 7. O-O O-O 8. e4
dxe4 9. Nxe4 Be7 10. Qe2 Re8 11. Bg5 Qc7 12. Nxf6+ Nxf6 13. Rad1 b6 14. Bb1 Bb7
15. Qd3 g6 16. Qc3 Nh5 17. Bxe7 Qxe7 18. Rfe1 Rad8 19. Bc2 Qc7 20. Ba4 Re7 21.
Ne5 a6 22. c5 b5 23. Bb3 a5 24. a3 Nf6 25. Qf3 Kg7 26. h4 Rh8 27. Qf4 Nh5 28.
Qf3 Nf6 29. g4 h6 30. Qf4 Rc8 31. Re3 Nd7 32. g5 hxg5 33. hxg5 Qd8 34. Rh3 a4
35. Bc2 Ba8 36. Nxd7 Rxd7 37. Qe5+ f6 38. gxf6+ Kf7 39. Bxg6+ Kxg6 40. Qh5+
Kxf6 41. Rf3+ Kg7 42. Rg3+ Kf6 43. Rg6+ Kf7 44. Qh7+ Ke8 45. Rg8# 1-0

[Event "4NCL/Div3/AD2 vs. OXF1"]
[Site "Telford ENG"]
[Date "2004.11.06"]
[Round "1.1"]
[White "Graham, David B"]
[Black "Bilalic, Merim"]
[Result "0-1"]
[WhiteElo "2238"]
[BlackElo "2302"]
[PlyCount "68"]
[EventDate "2004.11.06"]
[SourceDate "2004.09.21"]

1. e4 Nc6 2. Nf3 f5 3. exf5 d5 4. Bb5 Bxf5 5. Ne5 a6 6. Nxc6 Qd7 7. Nxe7 axb5
8. Nxf5 Qxf5 9. O-O Bd6 10. Qe2+ Ne7 11. Qxb5+ c6 12. Qd3 Qh5 13. f4 O-O 14. g3
g5 15. Qf3 Qg6 16. Qg4 Rf5 17. Re1 h5 18. Qe2 gxf4 19. Qe6+ Qxe6 20. Rxe6 Bc5+
21. d4 Bxd4+ 22. Kg2 Kf7 23. Re1 fxg3 24. hxg3 Rf2+ 25. Kh3 Rxc2 26. Nc3 Rg8
27. Ne2 Nf5 28. Rf1 Rxe2 29. Rxf5+ Ke6 30. Rxh5 Re1 31. Rh6+ Kf5 32. g4+ Ke4
33. g5 Kf3 34. Be3 Rxa1 0-1

[Event "4NCL/Div3/AD2 vs. OXF1"]
[Site "Telford ENG"]
[Date "2004.11.06"]
[Round "1.2"]
[White "Savage, Ben D"]
[Black "Broom, Mark"]
[Result "1/2-1/2"]
[WhiteElo "2300"]
[BlackElo "2193"]
[PlyCount "50"]
[EventDate "2004.11.06"]
[SourceDate "2004.09.21"]

1. d4 d5 2. Nf3 Nf6 3. c4 c6 4. e3 a6 5. Nbd2 e6 6. Bd3 Be7 7. O-O O-O 8. e4
dxe4 9. Nxe4 Nxe4 10. Bxe4 Nd7 11. b3 c5 12. Bb2 Nf6 13. Bc2 cxd4 14. Nxd4 Qc7
15. Qf3 g6 16. Rfe1 e5 17. Qg3 Bd6 18. Nf3 Nh5 19. Qg5 f6 20. Qd2 Be6 21. Be4
Rad8 22. Bd5 Nf4 23. Bxe6+ Nxe6 24. Qc3 Qb6 25. Qc2 Bc5 1/2-1/2

[Event "4NCL/Div3/AD2 vs. OXF1"]
[Site "Telford ENG"]
[Date "2004.11.06"]
[Round "1.3"]
[White "Wallace, Paul"]
[Black "Rose, Matthew"]
[Result "1-0"]
[WhiteElo "2170"]
[BlackElo "2219"]
[PlyCount "61"]
[EventDate "2004.11.06"]
[SourceDate "2004.09.21"]

1. e4 c5 2. Nf3 d6 3. d4 cxd4 4. Nxd4 Nf6 5. Nc3 g6 6. Be3 Bg7 7. f3 Nc6 8. Qd2
Bd7 9. g4 Rc8 10. h4 Ne5 11. h5 O-O 12. O-O-O Nfxg4 13. fxg4 Bxg4 14. hxg6 fxg6
15. Bh6 Bxh6 16. Qxh6 Rf7 17. Bh3 Rxc3 18. bxc3 Qa5 19. Bxg4 Nxg4 20. Qh3 h5
21. Rdf1 Rxf1+ 22. Rxf1 Qxa2 23. Qf3 Nf6 24. Kd2 Qc4 25. Qd3 Qc5 26. e5 Qxe5
27. Qxg6+ Kf8 28. Rf5 Qh2+ 29. Kc1 Qh1+ 30. Kb2 Qe1 31. Rxh5 1-0